000 00302nam a22001337a 4500
008 170616b xxu||||| |||| 00| 0 eng d
020 _a9780275962883
041 _aeng
080 _a94
100 _a16
101 _aSHH
245 _aTHE FUTURE OF ISLAM AND THE WEST
_cHUNTER,SH.T
942 _2udc
_cBK
999 _c17781
_d17781